000 00323nam a2200133 a 4500
005 20140414093836.0
008 030611s19uu xx 00 eng d
050 _aCDR 030
_bEnc 2002
245 _aEncarta :
_bEncyclopedia Deluxe 2002.
650 _aCD-ROM.
650 _aEncyclopedia.
942 _cAVM
999 _c109012
_d109012